000
00294nam a22001217a 4500
040
_c
NUST
082
_a
297.7
_b
MUH
100
_a
Muhammad Abdul Alhai Shaib
_9
125864
245
_a
Ghebat Kyaa Hai
260
_a
Karachi:
_b
Muktaba Sarfeen,
_c
1978.
650
_2
Ghebat Kyaa Hai
942
_2
ddc
_c
BK
999
_c
611518
_d
611518